000 01801cam a22003738i 4500
999 _c41498
_d41498
001 20501560
003 OSt
005 20220725094100.0
008 180518s2018 ii b 001 0 eng
010 _a 2018024397
020 _a9789352807109 (print (pb))
040 _aDLC
_beng
_erda
_cDLC
_dDLC
042 _apcc
050 0 0 _aQA276.4
_b.P36 2018
082 0 0 _a519.50285/536
_bPAN/S
100 1 _aPandya, Kiran
_eauthor.
_99070
245 1 0 _aStatistical analysis in simple steps using R /
_cby Kiran Pandya, Prashant Joshi, Smruti Bulsari.
263 _a1807
264 1 _aNew Delhi, India :
_bSage Publications India Pvt., Ltd.,
_c2018.
300 _a307 pages
336 _atext
_btxt
_2rdacontent
337 _aunmediated
_bn
_2rdamedia
338 _avolume
_bnc
_2rdacarrier
504 _aIncludes bibliographical references and index.
505 0 _aIntroduction -- Data management in R -- Describing data graphically -- Descriptive statistics -- Parametric tests -- Analysis of variance -- Two-way analysis of variance -- Analysis of covariance -- Correlation analysis -- Linear regression analysis -- Nonparametric tests -- Principal components and factor analysis -- Logistic regression -- Cluster analysis -- Multidimensional scaling -- Introduction to time series analysis -- Volatility analysis.
650 0 _aMathematical statistics
_xData processing
650 0 _aStatistics
_xData processing.
650 0 _aR (Computer program language)
700 1 _aJoshi, Prashant
_eauthor.
_99071
700 1 _aBulsari, Smruti
_eauthor.
_99072
906 _a7
_brip
_corignew
_d1
_eecip
_f20
_gy-gencatlg
942 _2ddc
_cBK
_h591.50285536
_iPAN/S
_k591.50285536
_mPAN/S